[Event "TUR Cup"]
[Site "Denizli"]
[Date "2023.07.17"]
[Round "3"]
[White "Celik, Ege Yigit"]
[Black "Dolek, Gokalp Deniz"]
[Result "1-0"]
[WhiteElo "1857"]
[BlackElo "1813"]
[PlyCount "103"]
[EventDate "2023.07.16"]
[EventType "team-tourn"]
[EventRounds "9"]
[EventCountry "TUR"]
[SourceTitle "CBM 215 Extra"]
[Source "ChessBase"]
[SourceDate "2023.09.30"]
[SourceVersion "1"]
[SourceVersionDate "2023.09.30"]
[SourceQuality "1"]

1. c4 e5 2. Nc3 Nf6 3. Nf3 Nc6 4. e4 Bc5 5. Nxe5 Nxe5 6. d4 Bxd4 7. Qxd4 Nc6 8. Qd1 h6 9. Be2 d6 10. Be3 0-0 11. 0-0 Nh7 12. c5 dxc5 13. Bxc5 Re8 14. Qxd8 Nxd8 15. Rfd1 Ne6 16. Be3 Nhf8 17. f4 Bd7 18. Bf3 Bc6 19. b4 a6 20. Kf2 Rad8 21. h4 Rxd1 22. Rxd1 Rd8 23. Rxd8 Nxd8 24. a4 f6 25. Be2 Ng6 26. Bc4+ Kh8 27. h5 Ne7 28. Bc5 Nc8 29. Ke3 Be8 30. g4 Bd7 31. Kf3 b6 32. Be3 a5 33. b5 Nb7 34. e5 fxe5 35. fxe5 c6 36. bxc6 Bxc6+ 37. Bd5 Bxd5+ 38. Nxd5 Nc5 39. Bxc5 bxc5 40. Ke4 Kg8 41. Kf5 Kf8 42. Ke6 Ke8 43. Nc3 Nb6 44. Kd6 c4 45. e6 Nc8+ 46. Kc7 Ne7 47. Kb6 Nc8+ 48. Kxa5 Ke7 49. Kb5 Kxe6 50. Kxc4 Nb6+ 51. Kd4 Kf6 52. Nd5+ 1-0

[Event "TUR-ch U13/18"]
[Site "Antalya"]
[Date "2023.01.28"]
[Round "10"]
[White "Sezis, Doruk"]
[Black "Dolek, Gokalp Deniz"]
[Result "1-0"]
[WhiteElo "1743"]
[BlackElo "1740"]
[PlyCount "77"]
[EventDate "2023.01.17"]
[EventType "swiss"]
[EventRounds "10"]
[EventCountry "TUR"]
[SourceTitle "EXT 2024"]
[Source "ChessBase"]
[SourceDate "2023.10.10"]
[SourceVersion "1"]
[SourceVersionDate "2023.10.10"]
[SourceQuality "1"]

1. d4 d5 2. Nf3 Nf6 3. g3 c5 4. Bg2 cxd4 5. 0-0 h6 6. b3 Nc6 7. Nxd4 e5 8. Nxc6 bxc6 9. Bb2 Bd6 10. c4 Bb7 11. cxd5 cxd5 12. Nc3 Qa5 13. Qd3 Rd8 14. Qb5+ Qxb5 15. Nxb5 Bb8 16. Rac1 0-0 17. Ba3 Rfe8 18. Nc7 Bxc7 19. Rxc7 Rb8 20. Rfc1 Rec8 21. Bb2 Re8 22. e3 a5 23. Bc3 a4 24. bxa4 Ba6 25. f4 e4 26. h3 Bc4 27. Bf1 Bxf1 28. Kxf1 Rec8 29. Bd4 Rxc7 30. Rxc7 Rb4 31. Rc8+ Kh7 32. Ra8 Rc4 33. a5 Rc1+ 34. Ke2 Rc2+ 35. Kd1 Rxa2 36. a6 Ne8 37. a7 Nc7 38. Rc8 g5 39. Rxc7 1-0

[Event "TUR-ch U13/18"]
[Site "Antalya"]
[Date "2023.01.26"]
[Round "8"]
[White "Portakalci, Yusuf"]
[Black "Dolek, Gokalp Deniz"]
[Result "1/2-1/2"]
[WhiteElo "1729"]
[BlackElo "1740"]
[PlyCount "71"]
[EventDate "2023.01.17"]
[EventType "swiss"]
[EventRounds "10"]
[EventCountry "TUR"]
[SourceTitle "EXT 2024"]
[Source "ChessBase"]
[SourceDate "2023.10.10"]
[SourceVersion "1"]
[SourceVersionDate "2023.10.10"]
[SourceQuality "1"]

1. c4 c5 2. Nc3 Nc6 3. Nf3 g6 4. b3 Bg7 5. Bb2 e5 6. Qc2 Nge7 7. g3 0-0 8. Bg2 d6 9. 0-0 Bf5 10. e4 Bg4 11. Nd5 Qd7 12. d3 Rae8 13. Ne1 Be6 14. Qd2 f5 15. Nc2 Nd4 16. Nxd4 cxd4 17. f3 fxe4 18. fxe4 Nxd5 19. cxd5 Bh3 20. Ba3 Rxf1+ 21. Rxf1 Rf8 22. Rxf8+ Bxf8 23. Bxh3 Qxh3 24. Qf2 Be7 25. Bc1 Qg4 26. Kg2 Qd1 27. Qd2 Qg4 28. Qc2 Qd7 29. h3 Bd8 30. Bd2 Qc7 31. Qc4 Kf7 32. a4 a6 33. Bb4 b5 34. axb5 axb5 35. Kf3 Kf6 36. Kg4 1/2-1/2

[Event "TUR-ch U13/18"]
[Site "Antalya"]
[Date "2023.01.25"]
[Round "6"]
[White "Dolek, Gokalp Deniz"]
[Black "Ergin, Sahin"]
[Result "1/2-1/2"]
[WhiteElo "1740"]
[BlackElo "1878"]
[PlyCount "81"]
[EventDate "2023.01.17"]
[EventType "swiss"]
[EventRounds "10"]
[EventCountry "TUR"]
[SourceTitle "EXT 2024"]
[Source "ChessBase"]
[SourceDate "2023.10.10"]
[SourceVersion "1"]
[SourceVersionDate "2023.10.10"]
[SourceQuality "1"]

1. e4 c5 2. Nf3 d6 3. d4 cxd4 4. Nxd4 Nf6 5. Nc3 a6 6. h3 e5 7. Nde2 Be7 8. g4 h6 9. Bg2 Be6 10. 0-0 Nbd7 11. Ng3 0-0 12. Be3 Nb6 13. Nf5 Bxf5 14. exf5 Qc7 15. Qf3 Rab8 16. h4 Nh7 17. Qg3 Qd8 18. Bxb6 Qxb6 19. Nd5 Qd8 20. h5 Nf6 21. Rad1 Nxd5 22. Rxd5 Rc8 23. Qd3 b5 24. f6 Bxf6 25. Rxd6 Qc7 26. Rc6 Qa5 27. Rxc8 Rxc8 28. a3 Qa4 29. Be4 Rd8 30. Qf3 Qd4 31. b3 Qb2 32. Rd1 Qxa3 33. Rxd8+ Bxd8 34. Qf5 Qc1+ 35. Kg2 Qf4 36. Qxf4 exf4 37. Kf3 Bb6 38. Bb7 a5 39. Bc6 b4 40. Kxf4 Bxf2 41. Kf5 1/2-1/2

[Event "TUR-chT 2nd League"]
[Site "Konya"]
[Date "2022.08.26"]
[Round "7.6"]
[White "Dolek, Gokalp Deniz"]
[Black "Aydin, Akin"]
[Result "1-0"]
[WhiteElo "1681"]
[BlackElo "1704"]
[PlyCount "50"]
[EventDate "2022.08.22"]
[EventType "team-swiss"]
[EventRounds "9"]
[EventCountry "TUR"]
[SourceTitle "CBM 210 Extra"]
[Source "ChessBase"]
[SourceDate "2022.11.30"]
[SourceVersion "1"]
[SourceVersionDate "2022.11.30"]
[SourceQuality "1"]
[WhiteTeam "Duzce AS"]
[BlackTeam "Cesme Belediye"]
[WhiteTeamCountry "TUR"]
[BlackTeamCountry "TUR"]

1. e4 e6 2. d4 d5 3. exd5 exd5 4. Bd3 Nc6 5. c3 Bd6 6. Ne2 Qh4 7. Nd2 Bg4 8. Nf1 Nge7 9. Be3 0-0-0 10. Qd2 h6 11. 0-0-0 Bf5 12. Nf4 Bxd3 13. Nxd3 g5 14. Ng3 Qg4 15. f3 Qd7 16. Qc2 Ng6 17. Nc5 Bxc5 18. dxc5 Nh4 19. Bd4 Nxd4 20. Rxd4 Qe6 21. Rhd1 c6 22. Qd2 Rhe8 23. c4 Qe3 24. cxd5 Rxd5 25. Rxd5 cxd5 1-0

[Event "Kesan op"]
[Site "Kesan"]
[Date "2022.08.05"]
[Round "6"]
[White "Temizer, Umut"]
[Black "Dolek, Gokalp Deniz"]
[Result "1-0"]
[WhiteElo "2064"]
[BlackElo "1681"]
[PlyCount "47"]
[EventDate "2022.08.02"]
[EventType "swiss"]
[EventRounds "9"]
[EventCountry "TUR"]
[SourceTitle "CBM 209 Extra"]
[Source "ChessBase"]
[SourceDate "2022.09.30"]
[SourceVersion "1"]
[SourceVersionDate "2022.09.30"]
[SourceQuality "1"]

1. e4 e6 2. d4 d5 3. Nc3 c5 4. exd5 exd5 5. dxc5 Be6 6. Bb5+ Nc6 7. Be3 Nf6 8. a3 Be7 9. h3 0-0 10. Nf3 a6 11. Bd3 Nd7 12. Na4 Qa5+ 13. c3 Rad8 14. 0-0 Nde5 15. Nxe5 Nxe5 16. Bc2 Ng6 17. Nb6 Qb5 18. b4 Qc6 19. Bd4 Qc7 20. Qh5 Qf4 21. Rae1 Qh4 22. Qxh4 Nxh4 23. f4 Nf5 24. Bxf5 1-0

[Event "TUR Cup"]
[Site "Adapazari"]
[Date "2022.03.30"]
[Round "9"]
[White "Kuru, Atilla"]
[Black "Dolek, Gokalp Deniz"]
[Result "1-0"]
[WhiteElo "2029"]
[BlackElo "1520"]
[PlyCount "95"]
[EventDate "2022.03.25"]
[EventType "swiss"]
[EventRounds "11"]
[EventCountry "TUR"]
[SourceTitle "EXT 2023"]
[Source "ChessBase"]
[SourceDate "2022.10.05"]
[SourceVersion "1"]
[SourceVersionDate "2022.10.05"]
[SourceQuality "1"]

1. c4 Nf6 2. Nc3 c6 3. Nf3 d5 4. e3 Nbd7 5. b3 g6 6. Bb2 dxc4 7. bxc4 Bg7 8. Be2 0-0 9. 0-0 Qc7 10. d4 Nb6 11. e4 Rd8 12. Qc2 Nh5 13. c5 Nd7 14. Bc4 Nf8 15. Ng5 e6 16. Ne2 Qe7 17. f4 Nf6 18. h3 b6 19. Rac1 b5 20. Bb3 a5 21. a3 h6 22. Nf3 Ba6 23. Ne5 Rac8 24. Bc3 b4 25. axb4 axb4 26. Bb2 Nh5 27. g4 Bxe2 28. Rf2 Nxf4 29. Rxf4 Bxe5 30. dxe5 Qg5 31. Rf2 Rd2 32. Rxe2 Rxc2 33. Rcxc2 Rd8 34. Kg2 Qf4 35. Bc1 Qxe5 36. Bb2 Qc7 37. Red2 g5 38. e5 Ng6 39. Rd6 Rxd6 40. exd6 Nf4+ 41. Kf3 Qb7 42. Be5 Qa6 43. Bxf4 Qd3+ 44. Be3 Qxb3 45. Rd2 Qc4 46. d7 Qf1+ 47. Kg3 Qe1+ 48. Kg2 1-0

[Event "TUR Cup"]
[Site "Adapazari"]
[Date "2022.03.29"]
[Round "7"]
[White "Kocakaplan, Emre"]
[Black "Dolek, Gokalp Deniz"]
[Result "0-1"]
[WhiteElo "1845"]
[BlackElo "1520"]
[PlyCount "126"]
[EventDate "2022.03.25"]
[EventType "swiss"]
[EventRounds "11"]
[EventCountry "TUR"]
[SourceTitle "EXT 2023"]
[Source "ChessBase"]
[SourceDate "2022.10.05"]
[SourceVersion "1"]
[SourceVersionDate "2022.10.05"]
[SourceQuality "1"]

1. c4 e6 2. Nc3 d5 3. e3 Nf6 4. Nf3 c6 5. b3 Nbd7 6. Bb2 Be7 7. Be2 0-0 8. 0-0 b6 9. d4 Bb7 10. Qc2 Rc8 11. Rfd1 Qc7 12. Rac1 Rfd8 13. Qb1 Qb8 14. h3 c5 15. cxd5 Nxd5 16. Nxd5 Bxd5 17. Bd3 h6 18. e4 Bb7 19. d5 exd5 20. exd5 Qd6 21. Bh7+ Kf8 22. Bf5 Bf6 23. Bxd7 Rxd7 24. Bxf6 Qxf6 25. Qh7 Ke7 26. Ne5 Rxd5 27. Rxd5 Bxd5 28. Re1 Kd6 29. Qd3 Rd8 30. Ng4 Qg5 31. Qg3+ Kc6 32. h4 Qd2 33. Re7 Be6 34. Ne5+ Kb5 35. Rxa7 Rd5 36. Nc4 Qe1+ 37. Kh2 Rd1 38. Na3+ Kc6 39. Rc7+ Kd5 40. Qf3+ Ke5 41. Nc2 Qh1+ 42. Kg3 g5 43. hxg5 hxg5 44. Qc3+ Kd6 45. Rb7 Qh4+ 46. Kf3 Bd5+ 47. Ke2 Qg4+ 48. f3 Qxg2+ 49. Kxd1 Qxf3+ 50. Qxf3 Bxf3+ 51. Kd2 Bxb7 52. Ne3 Bd5 53. Kd3 Be6 54. Ke4 f6 55. Nd1 f5+ 56. Kf3 Ke5 57. Ke3 f4+ 58. Kd3 g4 59. Nc3 g3 60. Ke2 c4 61. b4 Bg4+ 62. Kf1 f3 63. a4 Bh3+ 0-1

[Event "TUR-chT2"]
[Site "Konya"]
[Date "2018.07.13"]
[Round "6.7"]
[White "Dolek, Gokalp Deniz"]
[Black "Yigit, Fatih"]
[Result "1/2-1/2"]
[WhiteElo "1235"]
[BlackElo "1478"]
[PlyCount "99"]
[EventDate "2018.07.10"]
[EventType "team-swiss"]
[EventRounds "9"]
[EventCountry "TUR"]
[SourceTitle "EXT 2019"]
[Source "ChessBase"]
[SourceDate "2018.10.10"]
[SourceVersion "1"]
[SourceVersionDate "2018.10.10"]
[SourceQuality "1"]
[WhiteTeam "Sakarya Buyuksehir"]
[BlackTeam "Trabzon Feda"]
[WhiteTeamCountry "TUR"]
[BlackTeamCountry "TUR"]

1. e4 e6 2. d4 d5 3. exd5 exd5 4. Bd3 Nf6 5. Nf3 Bd6 6. 0-0 0-0 7. Be3 Bg4 8. Nbd2 Nbd7 9. c3 c5 10. Re1 Qc7 11. h3 Bh5 12. Bf5 Bg6 13. Nh4 c4 14. Qf3 Rae8 15. Bg5 Rxe1+ 16. Rxe1 Qa5 17. Re2 Qxa2 18. Nxg6 hxg6 19. Bxd7 Nxd7 20. Qxd5 Qa1+ 21. Nf1 Qa6 22. Re1 Nf6 23. Bxf6 gxf6 24. Nd2 Rc8 25. Ne4 Bf8 26. Nc5 Bxc5 27. dxc5 Qc6 28. Qxc6 Rxc6 29. Re8+ Kg7 30. Re7 b5 31. cxb6 axb6 32. Kf1 Rc5 33. Re4 Rb5 34. Rxc4 Rxb2 35. Rb4 Rc2 36. Rxb6 Rxc3 37. Ke2 g5 38. Rd6 Kg6 39. Rd3 Rc4 40. g4 Rc6 41. Rf3 Ra6 42. Kf1 Ra5 43. Rd3 f5 44. Kg2 f6 45. Kf3 Ra8 46. Rb3 Rh8 47. Kg2 f4 48. Rb5 Re8 49. Rb2 Re6 50. Rb8 1/2-1/2